01777cam a2200421 i 4500952012800000999001700128001000900145003000400154005001700158008004100175010001700216020002900233025002400262035002600286037005300312040003800365042001500403050002600418082001800444100006600462245019000528246001600718246004500734250002900779264005100808300002300859336002600882337002800908338002700936520015400963546001401117600004301131650004301174650002501217651002601242906004501268942004201313 00102ddc40708LITaMESbMEScHINd2019-10-26g250.00l0o891.43 SIN/Bp40698r2019-10-26 00:00:00w2019-10-26yBKzGR6R4 c40672d4067219652067OSt20200606120107.0170127s2015 ii 000 0 hino  a 2017323585 a9788188904723 (hardback) aI-H-2017-323585; 12 a(IN-NdSP) 2017323585 bLibrary of Congress -- New Delhi Overseas Office aDLCbengerdacMESKC librarydDLC alcodeapcc00aPK2659.A44bP537 2015 a891.43bSIN/B1 aSiṃha, Mīnākshī Jayaprakāśa,d1984-eauthor.911410aBhārata vibhājana kī trāsadī aura "Piñjara" /cḌô. Mīnākshī Jayaprakāśa Siṃha = Bharat vibhajan ki traasadi aur "Pinjar" / by Dr. Minakshi Jay Prakash Singh.30a"Piñjara"31aBharat vibhajan ki traasadi aur "Pinjar" aPrathama saṃsmaraṇa. 1aKolakātā :bĀnanda Prakāśana,c2015. a103 pages ;c22 cm atextbtxt2rdacontent aunmediatedbn2rdamedia avolumebnc2rdacarrier aStudy of the depiction of impact of partition of India on women in Piñjara, Panjabi novel by Amrita Pritam, 1919-2005, Panjabi and Hindi authoress. aIn Hindi.00aAmrita Pritam,d1919-2005.tPiñjara. 0aPartition, Territorial, in literature. 0aWomen in literature. 0aIndiaxIn literature. a7bcbccorigoded3encipf20gy-gencatlg 2ddccBKh891.43iSIN/Bk891.43mSIN/B